000 01313cas a22003617a 4500
005 20231010062646.0
008 000524c1973 cu qr pernn 0 b1spa d
010 _a81290
011 _a82262
022 _a0253-5785
035 _a92751
245 0 0 _aCentro Agrícola
_c/por Universidad Central de las Villas. Facultad de Ciencias Agrícolas
260 0 _aSanta Clara, Cuba :
_bUniversidad Central de las Villas. Facultad de Ciencias Agrícolas,
_c1973-
300 _av.
310 _aCuatrimestral
362 _av.23 n.1, 1997
590 _aBATCH-UPD
_b10
_c20130110
_lUCH01
_h0213
590 _aBATCH-UPD
_b10
_c20130409
_lUCH01
_h2230
590 _aBATCH-UPD
_b10
_c20130913
_lUCH01
_h2115
590 _aCONVERSION
_b10
_c20130109
_lUCH01
_h1345
650 1 7 _aAgricultura
_xPublicaciones periódicas
_2
_91772
866 _av.1 n.1-v.13 n.4 (1973-1986)
866 _av.14 n.3-v.15 n.4 (1987-1988)
866 _av.16 n.3-v.17 n.1 (1989-1990)
866 _av.18 n.1-v.20 n.1 (1991-1993)
866 _av.21 n.1-v.22 n.2 (1994-1995)
866 _av.23 n.1-v.24 n.1 (1996-1997)
866 _av.27 n.1-v.28 n.4 (2000-2001)
866 _av.29 n.3-4 (2002)
866 _av.33 n.1-v.34 n.4 - (2009-2010)
901 _aSE
905 _aLilia Sánchez G.
999 _c81290
_d81290